| 000 | 00368 a2200109 4500 | ||
|---|---|---|---|
| 001 | ART_13808 | ||
| 005 | 20260410161910.0 | ||
| 008 | 260409a | ||
| 245 | 1 | 0 | _aComponentes del crecimiento y redistribución de la población mexicana |
| 100 | 1 | _aWinnie, William W. | |
| 773 | 0 |
_tDemografía y economía _g- Vol. XV, Nº 47 (jul./sep. 1981) _wREV13200 |
|
| 999 |
_c26776 _d26776 |
||